000 00716nam a22002657a 4500
003 OSt
005 20220924113622.0
006 a|||||r|||| 00| 0
007 ta
008 220923b |||||||| |||| 00| 0 urd d
020 _c21.00
024 _a47729
037 _cGeneral Books
040 _aARTS
_cARTS
_burd
041 _2urd
_aurd
082 _aO168,1x, L5
100 _aKhaleeq Anjum
_9170236
245 0 _aZabt shudah nazmein
260 _aNew Delhi
_b Majlis Jashn Ali India
_c1975
300 _ap.
650 _aURDU LITERATURE
700 _a Mujtaba Hussain
_9170237
942 _hO168,1x, L5
_cGB
_2CC
999 _c390235
_d390235